<?xml version="1.0" encoding="UTF-8"?>
<record
    xmlns:xsi="http://www.w3.org/2001/XMLSchema-instance"
    xsi:schemaLocation="http://www.loc.gov/MARC21/slim http://www.loc.gov/standards/marcxml/schema/MARC21slim.xsd"
    xmlns="http://www.loc.gov/MARC21/slim">

  <leader>01238nam a22002657a 4500</leader>
  <controlfield tag="005">20170124103026.0</controlfield>
  <datafield tag="010" ind1=" " ind2=" ">
    <subfield code="a">A-458313</subfield>
  </datafield>
  <datafield tag="020" ind1=" " ind2=" ">
    <subfield code="c">75.00</subfield>
    <subfield code="a">817055215</subfield>
  </datafield>
  <datafield tag="035" ind1=" " ind2=" ">
    <subfield code="a">A-458313</subfield>
  </datafield>
  <datafield tag="037" ind1=" " ind2=" ">
    <subfield code="b">Cen Lib/Ret</subfield>
  </datafield>
  <datafield tag="040" ind1=" " ind2=" ">
    <subfield code="a">DPL</subfield>
    <subfield code="b">HN</subfield>
  </datafield>
  <datafield tag="082" ind1=" " ind2=" ">
    <subfield code="a">&#x909;</subfield>
    <subfield code="b">&#x935;&#x93F;&#x936;&#x94D;&#x935;&#x928;&#x93E; </subfield>
  </datafield>
  <datafield tag="100" ind1=" " ind2=" ">
    <subfield code="a">&#x935;&#x93F;&#x936;&#x94D;&#x935;&#x928;&#x93E;&#x925; &#x938;&#x924;&#x94D;&#x92F;&#x928;&#x93E;&#x930;&#x93E;&#x92F;&#x923; </subfield>
    <subfield code="9">43912</subfield>
  </datafield>
  <datafield tag="245" ind1=" " ind2=" ">
    <subfield code="a">&#x935;&#x93F;&#x937;&#x94D;&#x923;&#x941; &#x936;&#x930;&#x94D;&#x92E;&#x93E; &#x915;&#x940; &#x905;&#x902;&#x917;&#x94D;&#x930;&#x947;&#x91C;&#x940; &#x92A;&#x922;&#x93E;&#x908; /</subfield>
    <subfield code="c">&#x938;&#x924;&#x94D;&#x92F;&#x928;&#x93E;&#x930;&#x93E;&#x92F;&#x923; &#x935;&#x93F;&#x936;&#x94D;&#x935;&#x928;&#x93E;&#x925;; &#x905;&#x928;&#x941;&#x935;&#x93E;&#x926;&#x915; &#x938;&#x940;.&#x90F;&#x91A;. &#x930;&#x93E;&#x92E;&#x941;&#x932;&#x941; </subfield>
  </datafield>
  <datafield tag="246" ind1=" " ind2=" ">
    <subfield code="a">Vishnusharma ki angreji padhai /</subfield>
    <subfield code="b">by Vishwanath Satyanarayn; anuvadak C.H. Ramulu </subfield>
  </datafield>
  <datafield tag="260" ind1=" " ind2=" ">
    <subfield code="a">&#x928;&#x92F;&#x940; &#x926;&#x93F;&#x932;&#x94D;&#x932;&#x940; </subfield>
    <subfield code="b">&#x935;&#x93E;&#x923;&#x940; &#x92A;&#x94D;&#x930;&#x915;&#x93E;&#x936;&#x928; </subfield>
    <subfield code="c">1990</subfield>
  </datafield>
  <datafield tag="270" ind1=" " ind2=" ">
    <subfield code="b">&#x928;&#x92F;&#x940; &#x926;&#x93F;&#x932;&#x94D;&#x932;&#x940; </subfield>
    <subfield code="a">4697/5, 21&#x90F; , &#x905;&#x902;&#x938;&#x93E;&#x930;&#x940; &#x92E;&#x93E;&#x930;&#x94D;&#x917; &#x926;&#x930;&#x93F;&#x92F;&#x93E; &#x917;&#x902;&#x91C; </subfield>
    <subfield code="e">110002</subfield>
  </datafield>
  <datafield tag="300" ind1=" " ind2=" ">
    <subfield code="a">160&#x92A;&#x943;. </subfield>
    <subfield code="c">17&#x938;&#x947;&#x92E;&#x940;(&#x938;&#x91C;&#x93F;&#x932;&#x94D;&#x926;)</subfield>
  </datafield>
  <datafield tag="650" ind1=" " ind2=" ">
    <subfield code="a">&#x92C;&#x902;&#x917;&#x932;&#x93E; &#x938;&#x93E;&#x939;&#x93F;&#x924;&#x94D;&#x92F;</subfield>
    <subfield code="9">62261</subfield>
  </datafield>
  <datafield tag="650" ind1=" " ind2=" ">
    <subfield code="a">&#x909;&#x92A;&#x928;&#x94D;&#x92F;&#x93E;&#x938;  </subfield>
    <subfield code="9">62262</subfield>
  </datafield>
  <datafield tag="650" ind1=" " ind2=" ">
    <subfield code="a">Bangla literature</subfield>
    <subfield code="9">62263</subfield>
  </datafield>
  <datafield tag="650" ind1=" " ind2=" ">
    <subfield code="a">Fiction</subfield>
    <subfield code="9">8901</subfield>
  </datafield>
  <datafield tag="700" ind1=" " ind2=" ">
    <subfield code="a">&#x930;&#x93E;&#x92E;&#x941;&#x932;&#x941;, &#x938;&#x940;.&#x90F;&#x91A;.</subfield>
    <subfield code="9">62264</subfield>
  </datafield>
  <datafield tag="942" ind1=" " ind2=" ">
    <subfield code="2">ddc</subfield>
    <subfield code="c">HN</subfield>
    <subfield code="h">&#x909;</subfield>
    <subfield code="m">&#x935;&#x93F;&#x936;&#x94D;&#x935;&#x928;&#x93E; </subfield>
  </datafield>
  <datafield tag="999" ind1=" " ind2=" ">
    <subfield code="c">115612</subfield>
    <subfield code="d">115612</subfield>
  </datafield>
  <datafield tag="952" ind1=" " ind2=" ">
    <subfield code="0">0</subfield>
    <subfield code="1">0</subfield>
    <subfield code="4">0</subfield>
    <subfield code="7">0</subfield>
    <subfield code="a">L</subfield>
    <subfield code="b">L</subfield>
    <subfield code="d">2015-08-21</subfield>
    <subfield code="e">Cen Lib/Ret</subfield>
    <subfield code="g">50.00</subfield>
    <subfield code="l">0</subfield>
    <subfield code="o">&#x909; &#x935;&#x93F;&#x936;&#x94D;&#x935;&#x928;&#x93E;</subfield>
    <subfield code="p">A-458313</subfield>
    <subfield code="r">2015-08-21 00:00:00</subfield>
    <subfield code="t">1</subfield>
    <subfield code="v">50.00</subfield>
    <subfield code="w">2015-08-21</subfield>
    <subfield code="y">HN</subfield>
  </datafield>
</record>
